[Event "European Rapid 2022"]
[Site "Katowice POL"]
[Date "2022.12.17"]
[Round "5.71"]
[White "Mitusov, Semen"]
[Black "Nazarova, Anastasia"]
[Result "1-0"]
[WhiteTitle "IM"]
[BlackTitle "WFM"]
[WhiteElo "2397"]
[BlackElo "2196"]
[WhiteFideId "14151049"]
[BlackFideId "34101737"]
[EventDate "2022.12.17"]

1. e4 e5 2. Nf3 Nc6 3. Bc4 Bc5 4. c3 Nf6 5. d3 d6 6. a4 a6 7. O-O O-O 8. h3 Ba7
9. Re1 Ne7 10. Nh4 b5 11. Bb3 Be6 12. Bc2 Qd7 13. Qf3 Ng6 14. Bg5 Ne8 15. Nf5 f6
16. Be3 c5 17. axb5 axb5 18. Nd2 Nc7 19. d4 cxd4 20. cxd4 d5 21. Nf1 Bxf5 22.
exf5 e4 23. Qg4 Ne7 24. Ng3 Nc8 25. Bb3 Kh8 26. Rec1 Nb6 27. Bf4 Nc4 28. Ne2 Bb6
29. Rxa8 Rxa8 30. f3 exf3 31. Qxf3 Re8 32. g4 h6 33. Rc2 Qe7 34. Kf1 Qe4 35.
Qxe4 Rxe4 36. Bxc7 Bxc7 37. Bxc4 bxc4 38. Kf2 Bb6 39. Rd2 Kg8 40. Kf3 Kf7 41.
Rd1 Ke8 42. h4 h5 43. gxh5 Rxh4 44. Nf4 Kf7 45. Kg3 Rxf4 46. Kxf4 Bc7+ 47. Ke3
Bh2 48. Ra1 Kg8 49. Kf3 Bc7 50. Ra6 Kh7 51. Rc6 Bh2 52. Rc5 Bg1 53. Rxd5 Kh6 54.
Ke4 1-0

[Event "European Rapid 2022"]
[Site "Katowice POL"]
[Date "2022.12.17"]
[Round "5.72"]
[White "Quilter, Thomas A"]
[Black "Novotny, Michal"]
[Result "0-1"]
[WhiteTitle "CM"]
[BlackTitle "FM"]
[WhiteElo "2162"]
[BlackElo "2250"]
[WhiteFideId "408530"]
[BlackFideId "310980"]
[EventDate "2022.12.17"]

1. d4 d5 2. Bf4 c5 3. c3 Nc6 4. e3 Bf5 5. Bd3 Bxd3 6. Qxd3 Qb6 7. Nd2 e6 8. Ngf3
Nf6 9. O-O Be7 10. Ne5 Nxe5 11. Bxe5 O-O 12. e4 dxe4 13. Nxe4 Nd7 14. Qg3 Nxe5
15. dxe5 Rfd8 16. b3 Qc6 17. Rfe1 c4 18. Re3 Qa6 19. b4 Qxa2 20. Rae1 Qc2 21.
Qg4 Rd3 22. R3e2 Rd1 23. h4 Rxe1+ 24. Rxe1 Rd8 25. Kh2 h6 26. Re3 Rd3 27. Nf6+
Kf8 28. Nh7+ Ke8 29. Qxg7 Qxf2 30. Re4 Rd1 31. Qg8+ Kd7 32. Rd4+ Rxd4 33. cxd4
Qxh4+ 34. Kg1 Qxd4+ 35. Kh1 Qh4+ 36. Kg1 Qe1+ 37. Kh2 Qxe5+ 38. Kh1 Qe1+ 39. Kh2
Bd6+ 40. g3 Qxg3+ 41. Qxg3 Bxg3+ 42. Kxg3 Ke7 43. Kf4 f6 44. b5 h5 45. Ke4 h4
46. Kf4 c3 0-1

[Event "European Rapid 2022"]
[Site "Katowice POL"]
[Date "2022.12.17"]
[Round "5.75"]
[White "Plaskan, Jure"]
[Black "Cano Sevilla, Ivan"]
[Result "1/2-1/2"]
[WhiteElo "2241"]
[BlackElo "2027"]
[WhiteFideId "14605252"]
[BlackFideId "32043546"]
[EventDate "2022.12.17"]

1. e4 c5 2. Nf3 g6 3. c3 Bg7 4. d4 cxd4 5. cxd4 d5 6. e5 Bg4 7. Nc3 Nc6 8. Bb5
Rc8 9. h3 Bxf3 10. Qxf3 e6 11. Bxc6+ Rxc6 12. O-O Ne7 13. Nb5 O-O 14. Nxa7 Rc4
15. Nb5 Qa5 16. Nd6 Rxd4 17. Be3 Ra4 18. Nxb7 Qa8 19. Nc5 Rxa2 20. Rxa2 Qxa2 21.
Nd7 Rc8 22. Nf6+ Kh8 23. b4 Qb2 24. Bc5 Nc6 25. Ng4 Kg8 26. Nf6+ Kh8 27. Nd7 Kg8
28. Nf6+ Kh8 29. Ng4 Kg8 1/2-1/2

[Event "European Rapid 2022"]
[Site "Katowice POL"]
[Date "2022.12.17"]
[Round "5.76"]
[White "Spalir, Jernej"]
[Black "Grzesik, Gracjan"]
[Result "1-0"]
[WhiteTitle "IM"]
[WhiteElo "2377"]
[BlackElo "2148"]
[WhiteFideId "14606518"]
[BlackFideId "1194593"]
[EventDate "2022.12.17"]

1. d4 Nf6 2. c4 e6 3. Nf3 c5 4. d5 b5 5. dxe6 fxe6 6. cxb5 a6 7. Bg5 Be7 8. Nbd2
Bb7 9. bxa6 Nxa6 10. e3 O-O 11. Be2 d5 12. O-O Bd6 13. Rc1 Kh8 14. Qb3 Qe7 15.
a3 Rab8 16. Qc2 Nc7 17. Nb3 c4 18. Nbd2 Qf7 19. Rcd1 Rfd8 20. Bh4 h6 21. Bg3 Ba8
22. Bxd6 Rxd6 23. Ne5 Qe8 24. Ndxc4 Rdd8 25. Ng6+ Kg8 26. Nce5 Rdc8 27. Rc1 Ne4
28. b4 Bb7 29. Qb2 Nd6 30. Rc2 Qd8 31. Rfc1 Nce8 32. Rxc8 Rxc8 33. Rxc8 Nxc8 34.
a4 Ncd6 35. Nf4 Qf6 36. b5 Nf7 37. Nfd3 Ned6 38. Nxf7 Qxf7 39. Nc5 Ba8 40. h3
Qg6 41. Qe5 Nf7 42. Qb8+ 1-0

[Event "European Rapid 2022"]
[Site "Katowice POL"]
[Date "2022.12.17"]
[Round "5.77"]
[White "Yao, Lan"]
[Black "Dubnevych, Maksym"]
[Result "0-1"]
[WhiteTitle "WIM"]
[WhiteElo "2271"]
[BlackElo "2139"]
[WhiteFideId "8610835"]
[BlackFideId "14184001"]
[EventDate "2022.12.17"]

1. e4 c5 2. Nf3 Nc6 3. Bb5 g6 4. O-O Bg7 5. Re1 Nf6 6. e5 Nd5 7. Nc3 Nc7 8. Bxc6
dxc6 9. Ne4 b6 10. Nf6+ Kf8 11. Ne4 h6 12. d3 Kg8 13. h3 Kh7 14. Bf4 Rf8 15. Qe2
Ne6 16. Bg3 Nd4 17. Nxd4 cxd4 18. Rad1 Be6 19. h4 Qd7 20. Bh2 Rae8 21. b3 c5 22.
Bf4 Bd5 23. f3 f5 24. Nd2 e6 25. Nc4 Qe7 26. Qf2 g5 27. hxg5 hxg5 28. Bc1 Kg6
29. f4 g4 30. Qg3 Rh8 31. Kf2 Rh5 32. Rh1 Reh8 33. Rxh5 Rxh5 34. Nd2 Bf8 35. Rg1
Qh7 36. Ke2 Be7 37. Qf2 Bh4 38. g3 Bxg3 39. Qxg3 Rh3 40. Nf1 Rxg3 41. Rxg3 Qh1
42. Kf2 Bf3 43. Bd2 Qh6 44. Ke1 a5 45. a3 Kf7 46. Rg1 Qh4+ 47. Rg3 Bg2 48. Kf2
Bxf1 49. Be1 Qh1 0-1

[Event "European Rapid 2022"]
[Site "Katowice POL"]
[Date "2022.12.17"]
[Round "5.78"]
[White "Rozman, Monika"]
[Black "Maly, Alexey"]
[Result "0-1"]
[WhiteTitle "WFM"]
[BlackTitle "IM"]
[WhiteElo "2125"]
[BlackElo "2370"]
[WhiteFideId "14609118"]
[BlackFideId "14103184"]
[EventDate "2022.12.17"]

1. e4 c6 2. d4 d5 3. Nc3 dxe4 4. Nxe4 Bf5 5. Ng3 Bg6 6. h4 h6 7. Nf3 Nd7 8. h5
Bh7 9. Bd3 Bxd3 10. Qxd3 e6 11. Bd2 Ngf6 12. O-O-O Be7 13. Kb1 O-O 14. Ne4 Nxe4
15. Qxe4 Nf6 16. Qe2 Qd5 17. Bc1 Qe4 18. Ng1 Rad8 19. f3 Qh7 20. g4 c5 21. Nh3
cxd4 22. Nf4 Nd5 23. Nxe6 fxe6 24. Qxe6+ Kh8 25. Rxd4 Qg8 26. Qe1 Bf6 27. Re4
Rfe8 28. g5 hxg5 29. h6 g6 30. h7 Qf7 31. c4 Nf4 32. Qa5 Rxe4 33. fxe4 Qxc4 34.
Re1 Rc8 35. a3 Qc2+ 36. Ka2 Nd3 37. Qb5 Nxc1+ 38. Rxc1 Qxc1 39. e5 Qc4+ 40. Qxc4
Rxc4 41. exf6 Rf4 0-1

[Event "European Rapid 2022"]
[Site "Katowice POL"]
[Date "2022.12.17"]
[Round "5.79"]
[White "Trushko, Andrii"]
[Black "Dragicevic, Drazen"]
[Result "1/2-1/2"]
[BlackTitle "FM"]
[WhiteElo "2006"]
[BlackElo "2345"]
[WhiteFideId "14172887"]
[BlackFideId "1707922"]
[EventDate "2022.12.17"]

1. d4 c5 2. d5 e5 3. e4 d6 4. c4 Be7 5. Nc3 Bg5 6. Bd3 Bxc1 7. Qxc1 Ne7 8. Nge2
Nd7 9. a3 Ng6 10. Qe3 Nf6 11. f3 h5 12. b4 b6 13. b5 h4 14. Kd2 Bd7 15. a4 a6
16. Kc2 Qe7 17. Rhb1 a5 18. Rh1 O-O-O 19. Rag1 Rh6 20. g4 hxg3 21. hxg3 Rdh8 22.
Rxh6 Rxh6 23. Qc1 Qd8 24. Rh1 Bh3 25. Ng1 Qh8 26. Rh2 Rh5 27. Qd2 Bd7 28. Rxh5
Qxh5 29. Qf2 Qh6 30. Nd1 Nh5 31. Ne2 Nf6 32. Ne3 Kc7 33. Ng1 Nh7 34. Kd2 Ng5 35.
Qg2 Qh5 36. Be2 Qh6 37. Bd3 f6 38. Ke2 Nf7 39. Qf2 Qh5 40. Kd2 Ne7 41. Kc2 g6
42. Nf1 f5 43. Qh2 Qg5 44. Nh3 Qf6 45. Nf2 Ng5 46. Nd2 Nf7 47. Qh7 Kd8 48. Bf1
Ke8 49. Bh3 Qh8 50. Qxh8+ Nxh8 51. Kd3 Nf7 52. exf5 gxf5 53. f4 Ng6 54. Ke3 Ke7
55. Nf3 Kf6 56. Ng1 Nh6 57. Nf3 Ng4+ 58. Bxg4 fxg4 59. fxe5+ Nxe5 60. Ne4+ Ke7
61. Nfd2 Bf5 62. Kf4 Bg6 63. Ke3 Bh7 64. Kf4 Nd3+ 65. Kxg4 Nb2 66. Kh5 Nxa4 67.
g4 Nb2 68. g5 a4 69. g6 Bg8 70. Kg5 Nd3 71. Nf6 Kf8 72. Nd7+ Ke7 73. Nxb6 a3 74.
Nb3 Ne5 75. Kf5 a2 76. Nc8+ Kd7 77. Nb6+ Kc7 78. Na4 Nxc4 79. Nc3 Ne3+ 80. Ke4
Ng4 81. Kf5 Ne5 82. Nxa2 Bxd5 83. Nac1 Kb6 84. Nd2 Kxb5 85. g7 Bg8 86. Ne4 Bh7+
87. Ke6 Bg8+ 88. Kxd6 Nf7+ 89. Ke7 Nh6 90. Nd3 c4 91. Ne5 Nf5+ 92. Kf6 Nxg7 93.
Kxg7 1/2-1/2

[Event "European Rapid 2022"]
[Site "Katowice POL"]
[Date "2022.12.17"]
[Round "5.80"]
[White "Czerw, Dawid"]
[Black "Malik, Maciej"]
[Result "1-0"]
[WhiteTitle "IM"]
[WhiteElo "2373"]
[BlackElo "1954"]
[WhiteFideId "1145746"]
[BlackFideId "21007071"]
[EventDate "2022.12.17"]

1. d4 Nf6 2. c4 g6 3. Nc3 Bg7 4. g3 O-O 5. Bg2 d6 6. Nf3 Nbd7 7. d5 a5 8. O-O
Nc5 9. Nd4 e5 10. dxe6 fxe6 11. Nb3 Ncd7 12. Nd4 Nc5 13. b3 Ng4 14. e3 e5 15.
Nde2 e4 16. Ba3 Nd3 17. Nxe4 Ndxf2 18. Nxf2 Nxf2 19. Qd5+ Kh8 20. Rae1 Nh3+ 21.
Bxh3 Bxh3 22. Rxf8+ Qxf8 23. Nf4 Bc8 24. c5 dxc5 25. Bxc5 Qg8 26. Qd2 b6 27. Bd4
Bb7 28. Qc3 c5 29. Bxg7+ Qxg7 30. Qxg7+ Kxg7 31. Rd1 Bc6 32. Rd6 Rc8 33. Ne6+
Kf7 34. Rxc6 Re8 35. Ng5+ Kg7 36. Kf2 h6 37. Nf3 1-0

[Event "European Rapid 2022"]
[Site "Katowice POL"]
[Date "2022.12.17"]
[Round "5.82"]
[White "Krainski, Aleksander"]
[Black "Vardanyan, Aras"]
[Result "0-1"]
[WhiteTitle "FM"]
[BlackTitle "CM"]
[WhiteElo "2046"]
[BlackElo "2271"]
[WhiteFideId "1102400"]
[BlackFideId "12808792"]
[EventDate "2022.12.17"]

1. d4 Nf6 2. Nf3 d5 3. e3 e6 4. Be2 Bd6 5. O-O O-O 6. c4 b6 7. Nc3 Bb7 8. cxd5
exd5 9. b3 a6 10. Bb2 Nbd7 11. Rc1 Re8 12. Bd3 Nf8 13. Ne2 Ng6 14. Ng3 Ne4 15.
Nf5 Bf8 16. Qc2 Rc8 17. Rfd1 Qf6 18. Ng3 Bd6 19. Qe2 Nf4 20. exf4 Nxg3 21. Qc2
Ne4 22. g3 h6 23. Ne5 c5 24. Bxe4 dxe4 25. Nd7 Qe6 26. Nxb6 Bxf4 27. Nxc8 Bxc1
28. Rxc1 e3 29. fxe3 Rxc8 30. dxc5 Qxe3+ 31. Qf2 Qe4 32. Kf1 Re8 33. h4 Qd3+ 34.
Kg1 Re2 0-1

[Event "European Rapid 2022"]
[Site "Katowice POL"]
[Date "2022.12.17"]
[Round "5.83"]
[White "Cukrowski, Filip"]
[Black "Sop, Selen"]
[Result "1-0"]
[WhiteTitle "FM"]
[BlackTitle "WFM"]
[WhiteElo "2402"]
[BlackElo "1950"]
[WhiteFideId "1171097"]
[BlackFideId "6300278"]
[EventDate "2022.12.17"]

1. d4 d5 2. Nf3 Nf6 3. c4 c6 4. g3 g6 5. Bg2 Bg7 6. O-O O-O 7. cxd5 cxd5 8. Nc3
b6 9. Bf4 Bb7 10. Rc1 Nh5 11. Be3 Nd7 12. Qd2 Re8 13. Ne5 Nf8 14. g4 Nf6 15. f4
Ne4 16. Nxe4 dxe4 17. f5 f6 18. Nc6 Qd5 19. Qc2 e5 20. Bxe4 Qxa2 21. dxe5 Bxc6
22. Qxc6 Qxb2 23. Qc4+ Kh8 24. Bxa8 Rxa8 25. Bd4 b5 26. Bxb2 bxc4 27. exf6 1-0

[Event "European Rapid 2022"]
[Site "Katowice POL"]
[Date "2022.12.17"]
[Round "5.84"]
[White "Skawinski, Arkadiusz"]
[Black "Haug, Havard"]
[Result "0-1"]
[WhiteTitle "FM"]
[WhiteElo "2348"]
[BlackElo "2044"]
[WhiteFideId "1126415"]
[BlackFideId "1547887"]
[EventDate "2022.12.17"]

1. e4 c6 2. Nc3 d5 3. Nf3 dxe4 4. Nxe4 Nf6 5. Qe2 Nxe4 6. Qxe4 Qd5 7. Qh4 Qe6+
8. Be2 Qg4 9. Qg3 Qxg3 10. hxg3 g6 11. d4 Nd7 12. b3 Bg7 13. Bb2 Nf6 14. Ne5 h5
15. O-O-O Ne4 16. Rdf1 Bf5 17. Bd3 Rd8 18. Bxe4 Bxe4 19. f3 Bf5 20. Rd1 Bxe5 21.
dxe5 Be6 22. Bd4 b6 23. Be3 Rd5 24. c4 Rxd1+ 25. Rxd1 O-O 26. Bh6 Rc8 27. Kb2 f6
28. Bf4 Kf7 29. Kc3 f5 30. a4 b5 31. Be3 a6 32. axb5 cxb5 33. c5 a5 34. Ra1 b4+
35. Kc2 Ra8 36. Bd2 Bd5 37. Kb2 Bc6 38. Be3 Ke6 39. Bg5 Bd5 40. Bf4 Kd7 41. Bg5
e6 42. Be3 Kc6 43. Bf2 Kb5 44. Be3 Rd8 45. Rd1 Rd7 46. Bf2 Ra7 47. Ra1 a4 48.
bxa4+ Rxa4 49. Rxa4 Kxa4 50. Be3 Kb5 51. Bf2 Bc4 52. Be3 Bf1 53. f4 Bxg2 54. Bf2
Bd5 55. Kc2 Kc4 56. Kb2 Kd3 57. Be1 b3 58. Ba5 h4 59. gxh4 Ke3 60. c6 Bxc6 61.
Kxb3 Kxf4 62. Bc7 Ke3 63. Kc2 Ke2 0-1

[Event "European Rapid 2022"]
[Site "Katowice POL"]
[Date "2022.12.17"]
[Round "5.85"]
[White "Hnatyshyn, Anastasiia"]
[Black "Brendel, Oliver"]
[Result "1-0"]
[BlackTitle "IM"]
[WhiteElo "2090"]
[BlackElo "2346"]
[WhiteFideId "14198339"]
[BlackFideId "4602048"]
[EventDate "2022.12.17"]

1. e4 c5 2. Nf3 g6 3. d4 cxd4 4. Nxd4 Nc6 5. c4 Nf6 6. Nc3 Nxd4 7. Qxd4 d6 8.
Be3 Bg7 9. Be2 O-O 10. Qd2 Be6 11. O-O Qa5 12. f3 Rfc8 13. b3 a6 14. Rac1 b5 15.
Nd5 Qxd2 16. Bxd2 Nxd5 17. exd5 Bd4+ 18. Kh1 Bd7 19. Rfe1 Kf8 20. g4 e5 21. Bd3
Ke7 22. Kg2 f5 23. h3 Kf6 24. g5+ Ke7 25. h4 Kf7 26. Bb4 bxc4 27. bxc4 Bc5 28.
Rb1 Bxb4 29. Rxb4 Rab8 30. Reb1 Rxb4 31. Rxb4 Rc5 32. Kf2 Ra5 33. Rb2 Ra3 34.
Bc2 Rc3 35. Bb3 e4 36. fxe4 fxe4 37. Re2 Bf5 38. Kg2 Ke7 39. Re1 Kd8 40. Re2 Kc7
41. Rf2 Kb6 42. h5 e3 43. Re2 Kc5 44. hxg6 hxg6 45. Kf3 Kd4 46. Re1 Be4+ 47. Kf4
Bf5 48. Kf3 Bd3 49. c5 dxc5 50. d6 Bf5 51. Ba4 Rd3 52. d7 Bxd7 53. Bxd7 c4 54.
Be8 Rd2 1-0

[Event "European Rapid 2022"]
[Site "Katowice POL"]
[Date "2022.12.17"]
[Round "5.86"]
[White "Marn, Jan"]
[Black "Cieslak, Patryk"]
[Result "1/2-1/2"]
[WhiteTitle "FM"]
[WhiteElo "2332"]
[BlackElo "2094"]
[WhiteFideId "14619245"]
[BlackFideId "21078882"]
[EventDate "2022.12.17"]

1. d4 Nf6 2. Nf3 e6 3. c4 d5 4. g3 Bb4+ 5. Bd2 Be7 6. Bg2 O-O 7. O-O c6 8. Qc2
Nbd7 9. Rd1 b6 10. b3 Ba6 11. a4 dxc4 12. bxc4 Bb7 13. e4 c5 14. d5 exd5 15.
cxd5 Bd6 16. Na3 Re8 17. Re1 Ba6 18. Bc3 Ng4 19. Nb5 Bxb5 20. axb5 a5 21. bxa6
b5 22. h3 Nge5 23. Nxe5 Bxe5 24. Bxe5 Nxe5 25. Qxc5 Nd3 26. Qxb5 Nxe1 27. Rxe1
Qf6 28. Bf1 Reb8 29. Qc5 Rc8 30. Qe3 Qe5 31. Qf4 Qc3 32. Rb1 f6 33. Qg4 Qd4 34.
Rb7 f5 35. Qxf5 Rf8 36. Qe6+ Kh8 37. Rf7 Rae8 38. Rxf8+ Rxf8 39. Bg2 Rxf2 40.
Kh2 h6 41. h4 Qb2 42. Qh3 Qa2 43. Kg1 Rc2 44. d6 Qa1+ 45. Kh2 Qxa6 46. e5 Qd3
47. g4 Qd5 48. Qg3 Rxg2+ 49. Qxg2 Qxe5+ 50. Qg3 Qd4 51. Kh3 Kg8 52. Qb3+ Kh8 53.
Qb8+ Kh7 54. Qb1+ Kh8 55. Qb8+ Kh7 56. Qb1+ Kh8 57. g5 Qxd6 58. g6 Qd8 59. Qf5
Kg8 60. Qe6+ Kh8 61. Kg4 h5+ 62. Kf5 Qd5+ 63. Qe5 Qd7+ 64. Qe6 Qd5+ 65. Qe5 Qd7+
66. Qe6 1/2-1/2

[Event "European Rapid 2022"]
[Site "Katowice POL"]
[Date "2022.12.17"]
[Round "5.88"]
[White "Kolodziejski, Piotr"]
[Black "Cherniaiev, Tykhon"]
[Result "0-1"]
[BlackTitle "FM"]
[WhiteElo "2091"]
[BlackElo "2330"]
[WhiteFideId "21840962"]
[BlackFideId "14182360"]
[EventDate "2022.12.17"]

1. e4 e5 2. Nf3 Nc6 3. Bb5 Nf6 4. Bxc6 dxc6 5. d3 Bd6 6. O-O O-O 7. Nbd2 Be6 8.
h3 Nd7 9. Nc4 Bxc4 10. dxc4 Nc5 11. Re1 Ne6 12. Be3 Qe7 13. c3 Rfd8 14. Qc2 f6
15. Rad1 Bc5 16. Bxc5 Qxc5 17. b3 b5 18. cxb5 cxb5 19. g3 a5 20. Re3 b4 21. Kg2
Rxd1 22. Qxd1 Rd8 23. Qe1 Qb5 24. Qf1 Qxf1+ 25. Kxf1 Rd1+ 26. Kg2 Nc5 27. cxb4
axb4 28. Re2 Nd3 29. Rc2 c5 30. h4 h5 31. Re2 Kf7 32. Nh2 Ke6 33. Nf1 Ne1+ 34.
Kg1 Nf3+ 35. Kg2 Nd4 36. Rb2 Nb5 37. Ne3 Ra1 38. Nd5 f5 39. Rc2 Nd6 40. Rxc5
Nxe4 41. Rb5 Rxa2 42. Nxb4 Rxf2+ 43. Kg1 Rf3 44. Rb6+ Kf7 45. Nc6 Rxg3+ 46. Kh2
Rc3 47. Nxe5+ Kg8 48. Ng6 Rc2+ 49. Kg1 Ng3 50. b4 Ne2+ 51. Kf1 f4 52. Ne5 Ng3+
53. Kg1 Ne2+ 54. Kf1 Nd4 55. Rb8+ Kh7 56. Rf8 Ne2 57. b5 Rb2 58. Ke1 Ng3 59.
Rxf4 Re2+ 60. Kd1 Rxe5 61. Rb4 Re7 62. b6 Rb7 63. Kd2 Nf5 64. Kd3 Ne7 65. Kc4
Nc8 66. Kc5 Rxb6 67. Rxb6 Nxb6 68. Kxb6 g5 69. Kc5 gxh4 70. Kd4 h3 71. Ke3 h2 0-1

[Event "European Rapid 2022"]
[Site "Katowice POL"]
[Date "2022.12.17"]
[Round "5.89"]
[White "Kubicka, Anna"]
[Black "Bartelt, Max Peter"]
[Result "1-0"]
[WhiteTitle "WIM"]
[WhiteElo "2217"]
[BlackElo "2026"]
[WhiteFideId "1152254"]
[BlackFideId "12967289"]
[EventDate "2022.12.17"]

1. e4 e6 2. d4 d5 3. Nd2 Nf6 4. e5 Nfd7 5. Bd3 c5 6. c3 Nc6 7. Ne2 cxd4 8. cxd4
f6 9. Nf4 Nxd4 10. Qh5+ Ke7 11. exf6+ Nxf6 12. Ng6+ hxg6 13. Qxh8 Kf7 14. O-O e5
15. Nb3 Nxb3 16. axb3 Bf5 17. Bxf5 gxf5 18. Bg5 Bc5 19. Qh3 Qd7 20. Rac1 b6 21.
Bxf6 Kxf6 22. b4 Bd4 23. b5 Rc8 24. Qh4+ Kf7 25. Qg5 Bxb2 26. Rxc8 Qxc8 27. Qd2
Bd4 28. Rc1 Qd7 29. Rc6 Bc5 30. Qg5 Bd6 31. Qh5+ Kf6 32. h4 e4 33. g4 Ke5 34.
gxf5 d4 35. Qg5 d3 36. f6+ Kd4 37. fxg7 Qh3 38. Rxd6+ Kc3 39. g8=Q e3 40. Qe5+
Kd2 41. Qa2+ 1-0

[Event "European Rapid 2022"]
[Site "Katowice POL"]
[Date "2022.12.17"]
[Round "5.90"]
[White "Delgerdalai, Bayarjavkhlan"]
[Black "Warszawski, Bartosz"]
[Result "1-0"]
[WhiteElo "2100"]
[BlackElo "2160"]
[WhiteFideId "23727276"]
[BlackFideId "1110799"]
[EventDate "2022.12.17"]

1. d4 d5 2. c4 e6 3. Nf3 c5 4. cxd5 exd5 5. g3 Nc6 6. Bg2 Nf6 7. O-O Be7 8. dxc5
Bxc5 9. Bg5 O-O 10. Nc3 d4 11. Bxf6 Qxf6 12. Ne4 Qe7 13. Nxc5 Qxc5 14. Rc1 Qb6
15. Qd2 Be6 16. b3 Rad8 17. Rfd1 Rfe8 18. Qf4 h6 19. Rd2 Bd5 20. Rcd1 Qa6 21.
Nxd4 Bxg2 22. Kxg2 Nxd4 23. Rxd4 Rxd4 24. Rxd4 Qc6+ 25. e4 a5 26. Rd6 Qxe4+ 27.
Qxe4 Rxe4 28. Rd8+ Kh7 29. Rd7 Rb4 30. Rxf7 a4 31. Rf4 Rxf4 32. gxf4 axb3 33.
axb3 Kg6 34. Kg3 Kh5 35. b4 Kg6 36. h3 Kh5 37. Kf3 Kh4 38. Kg2 Kh5 39. Kg3 Kg6
40. Kg4 Kf6 41. Kf3 Kg6 42. Ke4 Kh5 43. Kf5 b5 44. f3 Kh4 45. Kg6 Kxh3 46. f5
Kg2 47. Kxg7 h5 48. f6 h4 49. f7 h3 50. f8=Q h2 51. f4 1-0

[Event "European Rapid 2022"]
[Site "Katowice POL"]
[Date "2022.12.17"]
[Round "5.91"]
[White "Luczak, Filip"]
[Black "Bazilius, Augustinas"]
[Result "1/2-1/2"]
[WhiteTitle "FM"]
[WhiteElo "2326"]
[BlackElo "2118"]
[WhiteFideId "1193686"]
[BlackFideId "12832251"]
[EventDate "2022.12.17"]

1. b3 Nf6 2. Bb2 d6 3. e3 g6 4. Nf3 Bg7 5. Be2 O-O 6. O-O Nbd7 7. d4 e5 8. dxe5
Ng4 9. c4 Ngxe5 10. Nc3 Nxf3+ 11. Bxf3 Ne5 12. Rc1 c6 13. Be2 Qc7 14. Ba3 Rd8
15. Kh1 f5 16. f4 Nf7 17. Qd2 Be6 18. Bf3 Qa5 19. Bb2 d5 20. cxd5 Bxd5 21. Bxd5
Rxd5 22. Qe2 Rc5 23. Na4 Rxc1 24. Rxc1 Bxb2 25. Qxb2 Rd8 26. Nc3 Nd6 27. h3 Nb5
28. Nxb5 Qxb5 29. Qf6 Qd5 1/2-1/2

[Event "European Rapid 2022"]
[Site "Katowice POL"]
[Date "2022.12.17"]
[Round "5.92"]
[White "Fistek, Dariusz"]
[Black "Brilej, Jaka"]
[Result "0-1"]
[BlackTitle "FM"]
[WhiteElo "2158"]
[BlackElo "2336"]
[WhiteFideId "1132210"]
[BlackFideId "14618818"]
[EventDate "2022.12.17"]

1. d4 d5 2. c4 c6 3. Nc3 Nf6 4. Nf3 e6 5. e3 Nbd7 6. Qc2 Bd6 7. b3 O-O 8. Be2 b6
9. O-O Bb7 10. Bb2 Qe7 11. Rad1 Rad8 12. Rfe1 Rfe8 13. Bf1 c5 14. dxc5 bxc5 15.
cxd5 exd5 16. Bb5 Bb8 17. Ne2 a6 18. Bd3 Ne4 19. Ng3 Ndf6 20. Nh4 g6 21. Nf3 Ng4
22. Nxe4 dxe4 23. Qc3 f6 24. Bc4+ Kg7 25. h3 exf3 26. hxg4 Be5 27. Qc2 fxg2 28.
Rxd8 Rxd8 29. e4 Bxb2 30. Qxb2 Rd4 31. f3 Qd6 32. Qxg2 Rd2 33. Re2 Rd1+ 34. Kf2
Qd4+ 35. Re3 Rd2+ 36. Be2 Bc6 37. a4 Rc2 38. Qg3 Rc3 39. f4 Bxe4 40. Bxa6 Rxb3
41. f5 Bc6 42. fxg6 hxg6 43. a5 c4 44. Bxc4 Rxe3 45. Qxe3 Qxc4 46. Qe7+ Qf7 47.
Qd6 Qd7 48. Qc5 Qd2+ 49. Kf1 Qf4+ 50. Ke1 Qe5+ 51. Qxe5 fxe5 0-1

[Event "European Rapid 2022"]
[Site "Katowice POL"]
[Date "2022.12.17"]
[Round "5.93"]
[White "Koziorowicz, Michal"]
[Black "Posluszny, Tomasz"]
[Result "1/2-1/2"]
[WhiteTitle "FM"]
[WhiteElo "2348"]
[BlackElo "1934"]
[WhiteFideId "21809194"]
[BlackFideId "1187724"]
[EventDate "2022.12.17"]

1. e4 e5 2. Nc3 Nf6 3. Bc4 Bc5 4. d3 d6 5. f4 O-O 6. Nf3 a6 7. f5 b5 8. Bb3 c6
9. Bg5 Nbd7 10. Ne2 Qb6 11. Ng3 h6 12. Bxf6 Bf2+ 13. Kf1 Nxf6 14. Nh4 Bxg3 15.
hxg3 d5 16. g4 Qe3 17. Qf3 Qf4 18. Qxf4 exf4 19. exd5 cxd5 20. Kf2 Nxg4+ 21. Kf3
Ne3 22. Kxf4 Re8 23. g4 Bb7 24. g5 hxg5+ 25. Kxg5 Nc4 26. dxc4 dxc4 27. Rhe1
Rad8 28. Rad1 cxb3 29. axb3 Kf8 30. f6 gxf6+ 31. Kxf6 Rxd1 32. Rxd1 Re6+ 33. Kg5
Be4 34. Rd2 Ke7 35. Kf4 Bh7 36. Nf3 Re4+ 37. Kg3 Bf5 38. Nd4 Bd7 39. b4 f5 40.
c3 Kf6 41. Nb3 Rg4+ 42. Kf2 Be6 43. Nc5 Bc4 44. Nxa6 Ke5 45. Nc5 Rh4 46. Kg3
Rg4+ 47. Kf2 Rh4 48. Kg1 f4 49. b3 Bf7 50. Re2+ Kf5 51. Rd2 Rh3 52. Nb7 Rxc3 53.
Nd6+ Ke6 54. Nxb5 Rg3+ 55. Kf2 Kf5 56. Nd6+ Ke6 57. Nb7 Ke5 58. Nc5 Bxb3 59.
Nd3+ Kf5 60. Ne1 Rc3 61. Nf3 Bc4 62. Rb2 Bd5 63. Ne1 Rh3 64. Rb1 Kg4 65. Ke2
Rh2+ 66. Kd3 f3 67. Kd4 Rd2+ 68. Kc3 Re2 69. Nd3 Be4 70. b5 Kg3 71. b6 f2 72. b7
Bxb7 73. Nxf2 Rxf2 74. Rxb7 1/2-1/2

[Event "European Rapid 2022"]
[Site "Katowice POL"]
[Date "2022.12.17"]
[Round "5.94"]
[White "Hrebenshchykova, Yelyzaveta"]
[Black "Czarnecka, Lidia"]
[Result "1/2-1/2"]
[BlackTitle "WCM"]
[WhiteElo "2289"]
[BlackElo "2018"]
[WhiteFideId "14159899"]
[BlackFideId "21807531"]
[EventDate "2022.12.17"]

1. e4 c5 2. Nf3 e6 3. d4 cxd4 4. Nxd4 Nc6 5. Nc3 Qc7 6. Be2 Nf6 7. O-O a6 8. Be3
Bb4 9. Na4 d5 10. c4 dxe4 11. c5 Ba5 12. a3 Nxd4 13. Qxd4 e5 14. Qd1 Qc6 15. b4
Bc7 16. Nc3 O-O 17. Qc2 Bf5 18. a4 Rfc8 19. b5 Qe6 20. Rfd1 Bg4 21. Nxe4 Bxe2
22. Nxf6+ Qxf6 23. Qxe2 e4 24. Bd4 Be5 25. Qxe4 Bxd4 26. Rxd4 axb5 27. Rad1 Re8
28. Qg4 bxa4 29. Rxa4 Qe5 30. Rxa8 Rxa8 31. Qc4 Qe7 32. g3 h6 33. Qb5 Rc8 34.
Rd7 Rxc5 35. Qxb7 Qf6 36. Rd2 Rc1+ 37. Kg2 Qc6+ 38. Qxc6 Rxc6 39. h4 1/2-1/2